00563nam a2200181Ia 450000500170000000800410001702000150005808200130007310000170008624500720010326000470017530000120022265000160023465000120025094200060026295200980026899900150036620250612015511.0240331s9999 xx 000 0 und d a9559123386 bRATa322 aRatnayaka, K 0aJanatha vimukthi peramuna :bradical wadaya sita facistwadaya dakwa aColombobWorker's Pathway Publishersc1997 a80 p ., aRadicalisum afascism cL 001040708LaWERCLbWERCLcSSCd2024-03-31l0o 322.42 RATp2648r2024-03-31w2024-03-31yL c2398d2398